Psychology in the work context / (Record no. 3941)

000 -LEADER
fixed length control field 01438cam a2200361 a 4500
001 - CONTROL NUMBER
control field 16430024
003 - CONTROL NUMBER IDENTIFIER
control field OSt
005 - DATE AND TIME OF LATEST TRANSACTION
control field 20170919121618.0
008 - FIXED-LENGTH DATA ELEMENTS--GENERAL INFORMATION
fixed length control field 100823s2009 sa a b 001 0 eng d
010 ## - LIBRARY OF CONGRESS CONTROL NUMBER
LC control number 2010286171
020 ## - INTERNATIONAL STANDARD BOOK NUMBER
International Standard Book Number 9780195988376
020 ## - INTERNATIONAL STANDARD BOOK NUMBER
International Standard Book Number 019598837X
035 ## - SYSTEM CONTROL NUMBER
System control number (OCoLC)ocn431261149
040 ## - CATALOGING SOURCE
Original cataloging agency OI@
Transcribing agency OI@
Modifying agency YDXCP
-- BWX
-- ERE
-- DLC
042 ## - AUTHENTICATION CODE
Authentication code lccopycat
050 00 - LIBRARY OF CONGRESS CALL NUMBER
Classification number HF5548.8.P77 2009
245 00 - TITLE STATEMENT
Title Psychology in the work context /
Statement of responsibility, etc [edited by] Ziel C. Bergh and Antoinette L. Theron.
250 ## - EDITION STATEMENT
Edition statement 4th ed.
260 ## - PUBLICATION, DISTRIBUTION, ETC. (IMPRINT)
Place of publication, distribution, etc Cape Town :
Name of publisher, distributor, etc Oxford University Press Southern Africa ;
Place of publication, distribution, etc New York :
Name of publisher, distributor, etc Oxford University Press,
Date of publication, distribution, etc 2009.
300 ## - PHYSICAL DESCRIPTION
Extent xviii, 534 p. :
Other physical details ill. ;
Dimensions 28 cm.
504 ## - BIBLIOGRAPHY, ETC. NOTE
Bibliography, etc Includes bibliographical references (p. 463-507) and index.
650 #0 - SUBJECT ADDED ENTRY--TOPICAL TERM
Topical term or geographic name as entry element Psychology, Industrial.
650 #0 - SUBJECT ADDED ENTRY--TOPICAL TERM
Topical term or geographic name as entry element Work
General subdivision Psychological aspects.
650 #0 - SUBJECT ADDED ENTRY--TOPICAL TERM
Topical term or geographic name as entry element Organizational behavior.
700 1# - ADDED ENTRY--PERSONAL NAME
Personal name Bergh, Ziel C.
700 1# - ADDED ENTRY--PERSONAL NAME
Personal name Theron, Antoinette L.
856 42 - ELECTRONIC LOCATION AND ACCESS
Materials specified Contributor biographical information
Uniform Resource Identifier <a href="http://www.loc.gov/catdir/enhancements/fy1013/2010286171-b.html">http://www.loc.gov/catdir/enhancements/fy1013/2010286171-b.html</a>
856 42 - ELECTRONIC LOCATION AND ACCESS
Materials specified Publisher description
Uniform Resource Identifier <a href="http://www.loc.gov/catdir/enhancements/fy1013/2010286171-d.html">http://www.loc.gov/catdir/enhancements/fy1013/2010286171-d.html</a>
856 41 - ELECTRONIC LOCATION AND ACCESS
Materials specified Table of contents only
Uniform Resource Identifier <a href="http://www.loc.gov/catdir/enhancements/fy1013/2010286171-t.html">http://www.loc.gov/catdir/enhancements/fy1013/2010286171-t.html</a>
906 ## - LOCAL DATA ELEMENT F, LDF (RLIN)
a 7
b cbc
c copycat
d 3
e ncip
f 20
g y-gencatlg
942 ## - ADDED ENTRY ELEMENTS (KOHA)
Source of classification or shelving scheme
Koha item type Book
Holdings
Withdrawn status Lost status Source of classification or shelving scheme Damaged status Not for loan Home library Current library Shelving location Date acquired Total Checkouts Full call number Barcode Date last seen Copy number Price effective from Koha item type
          Riara University Library Riara University Library General stack 19/09/2017   HF5548.8.P77 2009 9046/17 19/09/2017 C.1 19/09/2017 Book

Riara University Library,
P.O. Box 49940-00100,
Nairobi, Kenya.